| 000 | 00708nam a2200205 a 4500 | ||
|---|---|---|---|
| 005 | 20210223131010.0 | ||
| 008 | 090528s2006 mx r 000 0 spa d | ||
| 020 | _a9685353751 | ||
| 035 | _aUPN01000170737 | ||
| 049 | _aCG | ||
| 050 | 4 |
_aPQ7078 _bC8.3 |
|
| 245 | 0 | 0 |
_aCuento chicano del siglo XX / _cselec., pról. y notas Ricardo Aguilar Melantzón. |
| 260 |
_aMéxico : _bEón : _bThe University of Texas at El Paso, _c2006. |
||
| 300 | _a300 p. | ||
| 440 | 0 |
_aLiteratura chicana/ram ; _v1 |
|
| 650 | 4 |
_aCUENTOS MEXICOAMERICANOS (ESPAÑOL) _914316 |
|
| 650 | 4 |
_aNOVELA MEXICOAMERICANA (ESPAÑOL) - _ySIGLO XX _914317 |
|
| 700 | 1 |
_aAguilar Melantzón, Ricardo, _d1947-2004 _ecomp. _930114 |
|
| 905 | _aLibro | ||
| 999 |
_c142842 _d142842 |
||